Atlas de geología
Gorde:
| Egile Nagusiak: | , , |
|---|---|
| Formatua: | Liburua |
| Hizkuntza: | gaztelania |
| Argitaratua: |
Barcelona
Edibook
1992
|
| Saila: | Colección de atlas de ciencias
|
| Gaiak: | |
| Etiketak: |
Etiketa erantsi
Etiketarik gabe, Izan zaitez lehena erregistro honi etiketa jartzen!
|
MARC
| LEADER | 00000nam a2200000 a 4500 | ||
|---|---|---|---|
| 001 | UCY2312 | ||
| 003 | CL-VaPUC | ||
| 008 | 941020e19920000SP |||||||||||||||||spa|d | ||
| 082 | 0 | 4 | |a 551 |b DUR |2 21 |
| 100 | 0 | |a Durán Gilabert, Hortensia |e author |9 330368 | |
| 700 | |a Gold Gormaz, Guillermo |e author |9 330372 | ||
| 700 | 0 | |a Taberne Hernández, Concepción |e author |9 330370 | |
| 245 | 1 | 0 | |a Atlas de geología |
| 300 | |a 87 p | ||
| 942 | |c BK | ||
| 945 | |d 19941020 00:00:00 |a mfernand | ||
| 260 | |a Barcelona |b Edibook |c 1992 | ||
| 650 | 7 | |a GEOLOGIA ATLAS |2 CL-VaPUC |9 330371 | |
| 583 | |a last modification |c 19941020 00:00:00 |k Rodrigo Vera | ||
| 490 | 0 | |a Colección de atlas de ciencias | |
| 999 | |c 230758 |d 230756 | ||
| 952 | |0 0 |1 0 |4 0 |6 551_000000000000000_DUR_1992 |7 0 |8 X |9 233273 |a BIBING |b BIBING |d 2019-11-15 |i 3030199 |l 6 |o 551 DUR 1992 |p 3030199 |r 2025-01-20 |s 2023-11-20 |w 2019-11-15 |y BK_X |k GEO | ||